000 00364 a2200157 4500
001 59771
020 _a9783401024844
040 _cAnchieta - Pituba
100 _aBondoux, Anne-Laure
240 1 0 _aLinus in der stufenwelt
_lpor
245 1 0 _aLinus in der stufenwelt
300 _a197
362 0 _a2006
650 4 _aLiteratura juvenil em alemão
942 _cBK
999 _c59771
_d59771